[Event "Trophee Roza Lallemand Online"]
[Site "Tornelo INT"]
[Date "2020.12.13"]
[Round "5"]
[White "Castagnerol, Cerise"]
[Black "Mamah, Isabelle"]
[Result "0-1"]
[WhiteElo "1010"]
[BlackElo "1802"]
[PlyCount "52"]
[EventDate "2020.12.13"]
[EventType "swiss (rapid)"]
[EventRounds "9"]
[EventCountry "USA"]
[SourceTitle "EXT 2022"]
[Source "ChessBase"]
[SourceDate "2021.10.06"]
[SourceVersion "1"]
[SourceVersionDate "2021.10.06"]
[SourceQuality "1"]

1. d4 Nf6 2. c4 d6 3. Nf3 g6 4. g3 Bg7 5. Bg2 0-0 6. 0-0 Nbd7 7. Qc2 e5 8. e4 exd4 9. Nxd4 Ne5 10. f4 Nc6 11. Be3 Ng4 12. Nxc6 bxc6 13. Bd2 Rb8 14. Bc3 Ne3 15. Qe2 Nxf1 16. Bxg7 Kxg7 17. Qf2 Nxg3 18. Qxg3 Ba6 19. b3 Qf6 20. e5 dxe5 21. fxe5 Qf5 22. Bxc6 Rbd8 23. Bd5 Rde8 24. Nc3 Qxe5 25. Qxe5+ Rxe5 26. Rf1 f5 0-1

[Event "Trophee Roza Lallemand Online"]
[Site "Tornelo INT"]
[Date "2020.12.13"]
[Round "8"]
[White "Mamah, Isabelle"]
[Black "Frederic, Christine"]
[Result "1-0"]
[WhiteElo "1802"]
[BlackElo "1444"]
[PlyCount "63"]
[EventDate "2020.12.13"]
[EventType "swiss (rapid)"]
[EventRounds "9"]
[EventCountry "USA"]
[SourceTitle "EXT 2022"]
[Source "ChessBase"]
[SourceDate "2021.10.06"]
[SourceVersion "1"]
[SourceVersionDate "2021.10.06"]
[SourceQuality "1"]

1. e4 d6 2. d4 Nf6 3. Nc3 Nbd7 4. f4 e5 5. Nf3 exd4 6. Nxd4 Be7 7. Bd3 c6 8. 0-0 Nc5 9. h3 Nxd3 10. cxd3 Bd7 11. Kh1 Qc7 12. Nf5 Bxf5 13. exf5 0-0-0 14. b4 g6 15. b5 gxf5 16. Be3 b6 17. bxc6 Qxc6 18. Rc1 Qb7 19. Nd5+ Kb8 20. Nxe7 Qxe7 21. Re1 Qb7 22. a4 Rhg8 23. Re2 Nd5 24. Bd2 Rg3 25. Kh2 Rxd3 26. Qc2 Ra3 27. a5 b5 28. Qxf5 Rf8 29. Qg5 b4 30. Qh6 Rc8 31. Qxd6+ Rc7 32. Re8+ 1-0

[Event "FRA-chT1A 1112"]
[Site "France"]
[Date "2011.12.11"]
[Round "5.8"]
[White "Mamah, Isabelle"]
[Black "Le Bail, Clara"]
[Result "1/2-1/2"]
[WhiteElo "1849"]
[BlackElo "2051"]
[PlyCount "53"]
[EventDate "2011.10.16"]
[EventType "team-tourn"]
[EventRounds "11"]
[EventCountry "FRA"]
[SourceTitle "EXT 2013"]
[Source "ChessBase"]
[SourceDate "2012.11.22"]
[SourceVersion "1"]
[SourceVersionDate "2012.11.22"]
[SourceQuality "1"]
[WhiteTeam "Agen"]
[BlackTeam "Migne Auxences"]
[WhiteTeamCountry "FRA"]
[BlackTeamCountry "FRA"]

1. e4 e6 2. d4 d5 3. e5 c5 4. c3 Nc6 5. Nf3 Bd7 6. Bd3 Rc8 7. 0-0 cxd4 8. cxd4 Nb4 9. Nc3 Nxd3 10. Qxd3 Ne7 11. Re1 Nf5 12. a3 Be7 13. g4 Nh4 14. Nxh4 Bxh4 15. Re3 Bg5 16. Rh3 Bxc1 17. Rxc1 Qg5 18. Re1 Ke7 19. Rg3 a6 20. Rf1 Qf4 21. Qe3 Qxe3 22. fxe3 f6 23. Rgf3 Rhf8 24. Kg2 fxe5 25. Rxf8 Rxf8 26. Rxf8 Kxf8 27. dxe5 1/2-1/2

[Event "FRA-chT1A 1112"]
[Site "France"]
[Date "2011.10.16"]
[Round "1.8"]
[White "Mamah, Isabelle"]
[Black "Pokee, Anne Josephe"]
[Result "1/2-1/2"]
[WhiteElo "1849"]
[BlackElo "1955"]
[PlyCount "119"]
[EventDate "2011.10.16"]
[EventType "team-tourn"]
[EventRounds "11"]
[EventCountry "FRA"]
[SourceTitle "EXT 2013"]
[Source "ChessBase"]
[SourceDate "2012.11.22"]
[SourceVersion "1"]
[SourceVersionDate "2012.11.22"]
[SourceQuality "1"]
[WhiteTeam "Agen"]
[BlackTeam "Loures Barousse"]
[WhiteTeamCountry "FRA"]
[BlackTeamCountry "FRA"]

1. e4 d5 2. exd5 Nf6 3. d4 Bg4 4. Be2 Bxe2 5. Nxe2 Qxd5 6. 0-0 Nc6 7. Nbc3 Qh5 8. Ng3 Qxd1 9. Rxd1 0-0-0 10. Be3 e6 11. a3 Bd6 12. Nge4 Be7 13. Ng5 Rhf8 14. Nf3 a6 15. Ne2 Nd5 16. c4 Nxe3 17. fxe3 Na5 18. Nd2 c5 19. Kf2 Bf6 20. b4 cxd4 21. exd4 Nc6 22. Nb3 b6 23. Rac1 Bg5 24. Rb1 Kb7 25. Nc3 Bf6 26. Ne2 Rd7 27. b5 axb5 28. cxb5 Ne7 29. a4 Rd5 30. g4 Rfd8 31. a5 Nc8 32. axb6 Kxb6 33. Rbc1 Rxb5 34. Nc5 Rd5 35. Na4+ Kb7 36. Nac3 Bxd4+ 37. Nxd4 Rb2+ 38. Nde2 Rxd1 39. Rxd1 Nb6 40. Rb1 Rxb1 41. Nxb1 Kc6 42. Nbc3 Kd6 43. Ne4+ Ke7 44. Nd4 f6 45. Kf3 Nc4 46. h3 g6 47. Nc6+ Kd7 48. Nb4 Ne5+ 49. Kf4 g5+ 50. Ke3 Ke7 51. Nc2 h6 52. Nd4 Ng6 53. Ne2 f5 54. gxf5 exf5 55. Nf2 h5 56. Kf3 Kd6 57. Ng3 g4+ 58. hxg4 Ne5+ 59. Kf4 Nxg4 60. Nxf5+ 1/2-1/2

[Event "FRA-chT2 0910"]
[Site "France"]
[Date "2010.01.24"]
[Round "7.8"]
[White "Mamah, Isabelle"]
[Black "Cassam Chenai, Eric"]
[Result "1-0"]
[WhiteElo "1759"]
[BlackElo "1940"]
[PlyCount "121"]
[EventDate "2009.09.27"]
[EventType "team-tourn"]
[EventRounds "11"]
[EventCountry "FRA"]
[SourceTitle "EXT 2011"]
[Source "ChessBase"]
[SourceDate "2010.11.26"]
[SourceVersion "1"]
[SourceVersionDate "2010.11.26"]
[SourceQuality "1"]

1. e4 d6 2. d4 Nf6 3. Nc3 e5 4. dxe5 dxe5 5. Qxd8+ Kxd8 6. Bg5 Bd6 7. Bc4 Be6 8. Bxe6 fxe6 9. 0-0-0 a6 10. Nf3 Nbd7 11. h3 Ke7 12. a3 b5 13. Nd2 h6 14. Bh4 g5 15. Bg3 Nh5 16. Ne2 Nf4 17. Bxf4 gxf4 18. g4 Bc5 19. Rdf1 Rad8 20. Ng1 Rhg8 21. Ngf3 Bd6 22. Kd1 Nb8 23. Ke2 Nc6 24. c3 a5 25. b4 Ra8 26. Ra1 Ra7 27. Nb3 axb4 28. axb4 Rga8 29. Rxa7 Rxa7 30. Ra1 Ra4 31. Ne1 Nb8 32. Nd3 Nd7 33. Nb2 Rxa1 34. Nxa1 c5 35. Nc2 Nb6 36. Nd3 Na4 37. Kd2 Kd7 38. bxc5 Nxc5 39. Nxc5+ Bxc5 40. f3 Be7 41. Ne1 b4 42. Nd3 bxc3+ 43. Kxc3 Kd6 44. Kc4 Bf6 45. Kb5 Bd8 46. Nc5 Bf6 47. Nb7+ Kc7 48. Na5 Be7 49. Nc4 Bf6 50. h4 Bxh4 51. Nxe5 Bf6 52. Nf7 Bg5 53. e5 Kb7 54. Nd6+ Kc7 55. Ne4 Kd7 56. Nxg5 hxg5 57. Kb6 Kd8 58. Kc6 Ke7 59. Kc7 Ke8 60. Kd6 Kf7 61. Kd7 1-0

[Event "FRA-chT2 0910"]
[Site "France"]
[Date "2009.10.04"]
[Round "1.8"]
[White "Soissong, Elzbieta"]
[Black "Mamah, Isabelle"]
[Result "0-1"]
[WhiteElo "1683"]
[BlackElo "1718"]
[PlyCount "90"]
[EventDate "2009.09.27"]
[EventType "team-tourn"]
[EventRounds "11"]
[EventCountry "FRA"]
[SourceTitle "EXT 2011"]
[Source "ChessBase"]
[SourceDate "2010.11.26"]
[SourceVersion "1"]
[SourceVersionDate "2010.11.26"]
[SourceQuality "1"]

1. d4 Nf6 2. Nf3 g6 3. Nbd2 d5 4. e3 Bg7 5. Bd3 c5 6. c3 Nbd7 7. 0-0 0-0 8. Re1 Qc7 9. e4 cxd4 10. cxd4 dxe4 11. Nxe4 Nxe4 12. Rxe4 Nf6 13. Bf4 Qb6 14. Re2 Be6 15. b3 Bg4 16. Be5 Bxf3 17. gxf3 Nd5 18. Bc4 Nc3 19. Qd2 Nxe2+ 20. Bxe2 Rad8 21. Bxg7 Kxg7 22. Rd1 e6 23. Bc4 Rd6 24. Qe3 Rfd8 25. Qe5+ f6 26. Qe3 Rxd4 27. Rxd4 Rxd4 28. Bxe6 Rd1+ 29. Kg2 Qxe3 30. fxe3 Rd2+ 31. Kg3 Rxa2 32. h3 b5 33. f4 Ra6 34. Bd5 Rd6 35. e4 f5 36. Kf3 fxe4+ 37. Kxe4 Kf6 38. h4 a5 39. Bg8 h6 40. Bd5 a4 41. bxa4 bxa4 42. Ba2 Rd2 43. Bc4 a3 44. Ke3 Rh2 45. h5 Rxh5 0-1

[Event "FRA-chT2 South 0809"]
[Site "France"]
[Date "2008.10.12"]
[Round "1.8"]
[White "Mamah, Isabelle"]
[Black "Cwiek, Perrine"]
[Result "0-1"]
[WhiteElo "1695"]
[BlackElo "1733"]
[PlyCount "76"]
[EventDate "2008.10.12"]
[EventType "tourn"]
[EventRounds "11"]
[EventCountry "FRA"]
[SourceTitle "EXT 2010"]
[Source "ChessBase"]
[SourceDate "2010.11.25"]
[SourceVersion "1"]
[SourceVersionDate "2010.11.25"]
[SourceQuality "1"]
[WhiteTeam "Agen"]
[BlackTeam "Condom"]
[WhiteTeamCountry "FRA"]
[BlackTeamCountry "FRA"]

1. e4 e5 2. Nf3 Nc6 3. Bb5 a6 4. Ba4 Nf6 5. 0-0 b5 6. Bb3 Be7 7. Re1 0-0 8. c3 d6 9. h3 Bb7 10. d4 Re8 11. Bg5 Qd7 12. Nbd2 Bd8 13. Bc2 h6 14. Bxf6 Bxf6 15. dxe5 Nxe5 16. Nd4 Rad8 17. Nf1 d5 18. f4 Nc4 19. b3 Na3 20. e5 Nxc2 21. Qxc2 Bh4 22. g3 Be7 23. Kh2 Bf8 24. Ne3 c5 25. Ndf5 d4 26. Rad1 d3 27. Qd2 Be4 28. Nh4 Be7 29. Nf1 Qc6 30. Ng2 c4 31. b4 f6 32. exf6 Bxf6 33. Nfe3 Re7 34. Ng4 Rde8 35. Nxf6+ Qxf6 36. Ne3 Bf3 37. Rb1 Qb6 38. Ng4 Re2+ 0-1

[Event "Ambes op 1st"]
[Site "Ambes"]
[Date "2007.04.09"]
[Round "4"]
[White "Espinasseau, Jerome"]
[Black "Mamah, Isabelle"]
[Result "0-1"]
[WhiteElo "1499"]
[BlackElo "1590"]
[PlyCount "66"]
[EventDate "2007.04.07"]
[EventType "swiss"]
[EventRounds "11"]
[EventCountry "FRA"]
[SourceTitle "CBM 117 Extra"]
[Source "ChessBase"]
[SourceDate "2007.05.09"]
[SourceVersion "1"]
[SourceVersionDate "2007.05.09"]
[SourceQuality "1"]

1. d4 Nf6 2. c4 g6 3. Nc3 Bg7 4. e4 d6 5. Nf3 0-0 6. Be2 e5 7. d5 Nbd7 8. Bg5 h6 9. Be3 a5 10. a4 Ng4 11. Bd2 Nc5 12. 0-0 Kh7 13. Qc2 f5 14. h3 Nf6 15. Bd3 f4 16. Rae1 Rg8 17. Bc1 Bf8 18. Kh1 g5 19. g4 Nxg4 20. hxg4 Bxg4 21. Nh2 Bd7 22. Rg1 Qf6 23. Ng4 Qf7 24. f3 h5 25. Qh2 Bxg4 26. Rxg4 Nxd3 27. Reg1 Nf2+ 28. Qxf2 hxg4 29. Qh2+ Kg7 30. Rxg4 Be7 31. Nb5 Rh8 32. Nxd6 Rxh2+ 33. Kxh2 Qh5+ 0-1